000 00827nas a2200265 4500
001 BR2012003955
003 BR-BrBNA
005 20231205120638.0
007 ta
008 230509b bl.|||p| |||| 00| 00por d
040 _aBR-BrBNA
_bpor
_cBiblioteca Nacional de Agricultura
041 _a(Pt)
072 _aH60
100 1 _aModel, N.S.
100 1 _aFavreto, R.
245 1 _aComparação de custos de tratamentos de controle de plantas daninhas em abacaxizeiro cultivado no Rio Grande do Sul, Brasil
650 _aABACAXI
650 _aERVA DANINHA
650 _aHERBICIDA
650 _aCUSTO
650 _aRIO GRANDE DO SUL
773 0 _tPesquisa Agropecuária Gaúcha (Brazil)
_xISSN 0104-9070
_g(2010), v. 16(1-2) p. 45-50
_wBR2012003955
909 _a202311
_bLúcia
_c55
_dLúcia Elande
942 _2AGRIS
_n0
_cANA
999 _c219548
_d219548